[Event "Match 69_120'/40"]
[Site "Zürich"]
[Date "2022.??.??"]
[Round "28"]
[White "Mephisto Almeria 68000"]
[Black "Excel Mach III 68000"]
[Result "1/2-1/2"]
[WhiteElo "2079"]
[BlackElo "2021"]
[Annotator "KUT"]
[PlyCount "163"]
[EventDate "2022.??.??"]

{[%evp 0,141,14,29,17,10,34,37,37,36,55,33,33,13,13,19,35,22,38,10,21,13,47,0,
3,3,15,0,38,-12,5,3,26,10,11,11,31,34,43,6,7,7,0,0,0,0,7,-18,7,7,9,7,7,0,-8,0,
28,50,39,-22,-13,-6,0,-31,-29,-31,-31,-31,-42,-37,0,0,22,27,26,-12,-4,-4,-3,-5,
-6,-20,0,-23,-13,-12,-12,-12,-12,-39,-27,-46,-47,-57,-27,-27,-17,-20,-2,0,0,0,
0,0,0,0,0,0,0,0,0,0,43,43,39,35,23,0,0,0,0,0,0,0,0,0,0,0,0,0,0,0,0,0,0,0,0,0,0,
0,0,0,0,0]} 1. d4 Nf6 {Match 120'/40 | Bediener: Rolf Bühler | 28. Partie:
Remis | Zwischenstand: 16,5-11,5 (58,9%) für den Almeria 68000 | Gegen die
Königsindische Verteidigung des Mach III greift der Almeria 68000 zur soliden
Fianchetto-Aufstellung mit 5.g3. Es entsteht ein positionell dynamischer Kampf,
in welchem die beiden Kontrahenten nicht einen einzigen groben Fehler und nur
geringfügige Ungenauigkeiten begehen. Das Remis ist schliesslich verdient.
Eine hochstehende Partie, die mit Abstand beste des bisherigen Matches,
wiederum versüsst mit Anmerkungen speziell für ungeübtere Spieler.} 2. c4 g6
3. Nf3 Bg7 4. Nc3 d6 5. g3 O-O 6. Bg2 Nbd7 7. O-O e5 8. e4 c6 9. h3 Re8 10. Re1
a5 11. Rb1 {***ENDE BUCH***} exd4 12. Nxd4 Nc5 {***ENDE BUCH***} 13. Nb3 {
Anstelle der weitaus üblicheren 13.Lf4 oder 13.b3, ist der Textzug eine
Rarität.} Nxb3 {Die etwas ungünstige Stellung des Sb3 ausnützend, hätte
Schwarz besser zu 13...Se6 gegriffen.} 14. Qxb3 {Logischer war 14.axb3, wonach
Weiss später Druck auf den a5-Bauer ausüben konnte.} Nd7 {Strebt nach dem
schönen Feld c5 und setzt die Kraft des fianchettierten Lg7 auf der langen
Diagonale ein.} 15. Be3 a4 $1 {Befreit sich mit einer kleinen taktischen
Pointe von der leichten Schwäche des a5-Bauern.} 16. Nxa4 Qa5 17. Nc3 Bxc3 18.
bxc3 Qxa2 {So hat Schwarz also das materielle Gleichgewicht wieder hergestellt.
} 19. Qb4 Ne5 20. Qxd6 Nxc4 21. Qd3 Nxe3 22. Qxe3 Ra3 {Nach einer beidseits
zufriedenstellenden Abwicklung befindet sich die Stellung wieder im Lot.} 23.
Qc5 Ra5 24. Qd4 Ra4 25. Rb4 Ra5 26. Rb6 Qc2 27. Rbb1 c5 28. Qe3 Rd8 {Mit der
Absicht, den Turm aktiv nach d3 zu bringen und den c3-Bauern zu kassieren.} 29.
Rec1 Qd2 30. Qxd2 Rxd2 31. Rd1 Rxd1+ 32. Rxd1 Be6 $11 {Selten sieht man eine
derart späte Entwicklung einer Leichtfigur. Das Endspiel ist ausgeglichen.}
33. e5 {Hier war 33.f4 genauer, aber auf dem Niveau der beiden Gegner fällt
das nicht gross ins Gewicht.} (33. f4 b5 34. f5 gxf5 35. exf5 Bxf5 36. Rd5 Bg6
37. Rxc5 $11) 33... b5 34. Rb1 Bc4 35. Bf1 {Erzwingt den Läufertausch und
hernach entsteht ein völlig gleichstehendes Turmendspiel.} Ra3 (35... Bxf1 $11
{ändert nichts} 36. Kxf1 Kf8 37. Ke2 Ke7 38. f4 Ke6 39. Kd3 Kd7 40. Ke4 Ke6
41. g4 Ra4+ 42. Ke3 b4 43. cxb4 cxb4 $11) 36. Bxc4 bxc4 37. Rc1 {Etwas passiv,
aber durchaus genügend.} (37. Rb8+ Kg7 38. Rc8 Rxc3 39. Rxc5 $11 {
ausgeglichen, wobei der weisse Turm im Vergleich zur Partiefortsetzung aktiver
steht.}) 37... f6 $5 {Eine interessante Fortsetzung, auf die es nur eine
richtige Antwort gibt.[#]} 38. exf6 $1 {WICHTIG: Der Almeria 68000 macht es
richtig. Denn die Verführungen 38.e6? oder 38.f4? hätten zumindest
Bauernverlust zur Folge. Vor allem auch im Endspiel ist es von grosser
Bedeutung, schwache Bauern zu vermeiden. Wiederum sollten Lernende die
Varianten kurz durchgehen, um sich einen Eindruck dieses Endspiels zu
verschaffen. Noch besser wäre es, die Stellungen nach 38.f4? und 38.e6 mit
Schwarz gegen einen Schachcomputer zu spielen und zu versuchen, den Gewinn
einzufahren. Der Lerneffekt solcher Übungen ist enorm.} (38. f4 $2 {führt zu
einem isolierten Bauern auf e5, was den Fall des e5- oder c3-Bauern zu Folge
hätte nach} fxe5 39. fxe5 Kf7 40. Re1 $1 Rxc3 (40... Ke6 $2 41. Re3 $11) 41.
e6+ Ke7 $15 {und Weiss muss ums Remis kämpfen, hat dabei einfach noch das
Glück, dass es sich beim schwarzen Mehrbauern um einen Doppelbauer handelt,
so dass die Chancen auf Rettung gross sind.}) (38. e6 $2 {Durch diesen
gutaussehenden, aber fehlerhaften Vorstoss geht der weit vorgerückte Bauer
verloren, weil er nicht mehr rechtzeitig durch einen eigenen Bauern gedeckt
werden kann.} Kf8 39. Kg2 Ke7 {und im Gegensatz zur Variante 38.f4 ist diese
Stellung verloren nach beispielsweise} 40. Re1 Rxc3 41. Re4 Rd3 $1 42. Rxc4 Rd5
43. Kf3 Kxe6 44. Ke3 h5 45. g4 hxg4 46. hxg4 Kd7 {Der König will zwecks
Unterstützung seines Freibauern nach b5.} 47. Ra4 Rd6 {verhindert das
lästige Turmschach auf a6} 48. f3 Kc6 49. f4 Kb5 50. Ra8 c4 {Freibauer nach
vorn! Da der weisse König auf der d-Linie abgeschnitten ist, gewinnt Schwarz
systematisch.} 51. Rg8 {Der Versuch, einen materialistisch eingestellten
Gegner zu einem Fehler zu verleiten.} c3 $1 {In Turmendspielen ist aktives
Spiel oberstes Gebot und ein starker Freibauer ist viel wichtiger als
irgendein lumpiger Bauer, wie hier g6, der im vorliegenden Fall so oder nicht
geschlagen werden darf wegen ...c2 mit sofortigem Gewinn. Generell gilt in
Turmendspielen die Devise: Lieber einen aktiven Turm bei Minusbauer, statt
passiver Turm mit materiellem Gleichstand!!} (51... f5 $2 {Diese passive
Verteidigung des g6-Bauern genügt dem Gegner, das Remis doch noch zu
erreichen.} 52. gxf5 gxf5 53. Rb8+ $1 Kc5 54. Rc8+ $1 Kb4 55. Rb8+ $1 Kc3 56.
Rb5 $1 Rf6 (56... Kc2 57. Rxf5 $11) 57. Re5 Kc2 58. Kd4 $11) 52. Rb8+ Kc4 53.
Rc8+ Kb3 54. Rb8+ Kc2 55. Rc8) 38... Kf7 39. f4 Kxf6 $11 {WICHTIG: Betrachtet
man jetzt die Stellung, stellt man Ausgleich fest. Wohl hat Schwarz einen
Doppelbauer, dafür aber einen aktiveren Turm, der den weissen Schwächling c3
unter Kontrolle hält. Solange der weisse König diesem Bauern nicht zur Hilfe
kommt, ist der weisse Turm an die Deckung von c3 gebunden. Der weisse König
kann nur schwerlich zu seinem c-Bauer eilen, weil der schwarze Turm über a2
zu den ungeschützten weissen Bauern schwenken wird. Umgekehrt ist es dem
schwarzen König nicht gut möglich, selbst aktiv nach d3 oder b3 vorzustossen,
würde er dadurch die weisse Bauernmehrheit am Königsflügel vernachlässigen.
} 40. g4 h6 41. Kf1 Ra2 42. Re1 Rh2 43. Re3 Kf7 $11 {Nun wird das Remis
offensichtlich. Beide Türme sind gebunden und die beiden Könige
abgeschnitten, um irgendwo Hilfe leisten zu können.} 44. f5 gxf5 45. Rf3 Kg6
46. gxf5+ Kf6 47. Kg1 Rc2 {Die im 43. Zug geschilderte Situation hat sich
nicht verändert. Und für einmal begehen beide Programme in der Folge auch
keine Fehler mehr.} 48. h4 h5 49. Kf1 Rd2 50. Rf4 {Ein letzter Gewinnversuch,
den Schwarz einfach parieren kann.} Rd5 {Er will sich am f5-Bauer revanchieren.
} 51. Rxc4 Re5 52. Kf2 Kxf5 53. Kf3 Rd5 54. Ke3 Ke5 55. Re4+ Kd6 {Typisches
Computergehabe, das oftmals in die Hosen geht: Man verändert den
Stellungscharakter, statt wie hier an 55...Kf5 festzuhalten, nur um möglichen
Zugwiederholungen auszuweichen. Dabei können unsere beiden Kämpfer mangels
Rechenkraft die Folgen von 55...Kd6 nicht erkennen. Wenn es dann wider
Erwarten doch noch gut ausgeht, ist dafür nur der Faktor "Zufall"
verantwortlich.} 56. Kf4 {WICHTIG: Dass man auch totale Remisstellungen noch
verlieren kann, zeigt das folgende Lernbeispiel:} (56. c4 Re5 {[#]} 57. Rxe5 $4
{Ein schrecklicher Fehler, der das Bauernendspiel verliert.} (57. Kf4 $1 {
macht indessen Remis} Rxe4+ 58. Kxe4 Ke6 {Auch jetzt hat Schwarz die
Opposition, aber nach der einzigen Verteidigung} 59. Kf4 $1 {fehlt dem
schwarzen König das Vormarschfeld d5; und da Weiss selbst Kg5 nebst Kxh5
droht, ist} Kf6 {erzwungen, mit erneuter Eroberung der Opposition, die aber
wertlos ist nach} 60. Ke4 $1 {denn dem schwarzen König ist das Vormarschfeld
g5 verwehrt, und so muss es zum Remis durch Zugwiederholung kommen} Ke6 61. Kf4
$1 Kf6 $1 $11) 57... Kxe5 {Schwarz hat die Opposition erobert, so dass der
weisse König weichen und dem schwarzen König den Vormarsch ins gegnerische
Lager gestatten muss.} 58. Kd3 Kf4 59. Kd2 Kg4 60. Ke3 Kxh4 61. Kf4 (61. Ke4
Kg3 62. Kd5 h4 63. Kxc5 {käme viel zu spät}) 61... Kh3 62. Kf3 h4 63. Kf2 Kg4
64. Kg1 Kf3 65. Kh2 Ke4 66. Kh3 Kd4 67. Kxh4 Kxc4 68. Kg3 Kd3 69. Kf2 Kd2 {
und der schwarze c-Bauer läuft durch}) 56... Rd3 57. c4 Rd2 58. Kg5 {Sieht es
nun nicht plötzlich doch noch schlecht aus für Schwarz?} Rd4 $1 {Nein, mit
diesem Angriff rettet sich Schwarz, zumal dieser Turm nicht geschlagen werden
darf, weil 59.Txd4? cxd4 das Bauernendspiel für Weiss verliert. Und weicht
der Turm von der 4. Reihe, so kann sich Schwarz mit ...Txc4 das Remis sichern.}
59. Rf4 {Vorsicht Falle!} Ke5 $1 ({Aber ja nicht} 59... Rxf4 60. Kxf4 Ke6 61.
Kg5 $18 {und Weiss gewinnt, was Lernende prüfen sollten.}) 60. Rf5+ Kd6 61.
Kxh5 Rxc4 {Nun ist es endgültig Remis, kommt es doch zu einem gleichwertigen
Rennen der beiden Freibauern.} 62. Kg5 Rc1 63. h5 c4 64. h6 c3 65. Rf2 Rh1 66.
Rc2 Rh3 67. Kg6 Kd5 68. h7 Kd4 69. Ra2 Rg3+ 70. Kh6 Rh3+ 71. Kg7 Rg3+ 72. Kf6
Rf3+ 73. Kg5 Rh3 74. Kg6 Rg3+ 75. Kf5 Rf3+ 76. Kg4 Rf8 77. Kg5 Kd3 78. Kg6 c2
79. Rxc2 Kxc2 80. Kg7 Re8 81. h8=Q Rxh8 82. Kxh8 {***REMIS MATERIAL***} 1/2-1/2

[Event "Match 69_120'/40"]
[Site "Zürich"]
[Date "2022.??.??"]
[Round "30"]
[White "Mephisto Almeria 68000"]
[Black "Excel Mach III 68000"]
[Result "1/2-1/2"]
[WhiteElo "2079"]
[BlackElo "2021"]
[Annotator "KUT"]
[PlyCount "133"]
[EventDate "2022.??.??"]

{[%evp 0,133,32,-1,0,-22,21,47,55,55,66,42,45,54,57,53,46,19,41,34,55,20,20,31,
54,53,50,51,71,27,24,33,38,23,36,-32,-34,-51,-90,-80,-80,-121,-126,-129,-124,
-124,-127,-124,-124,-124,-112,-112,-88,-99,-52,-54,-64,-64,-64,-72,-58,-72,-79,
-79,-79,-79,-76,-87,-78,-62,-62,-67,-64,-64,-62,-101,-62,-73,-62,-57,-58,-97,
-97,-97,-97,-101,-97,-119,-72,-97,-72,-100,-73,-87,-108,-106,-113,-108,-68,
-100,-92,-130,-130,-130,-126,-117,-126,-119,-125,-137,-139,-134,-133,-142,-133,
-133,-131,-128,-130,-130,-128,-115,-130,-127,-115,-115,-114,-114,-40,-40,-40,
-40,-40,-40,-40,-40]} 1. c4 Nf6 {Match 120'/40 | Bediener: Rolf Bühler | 30.
Partie: remis | Zwischenstand: 18,0-12,0 für den Almeria 68000 | Mit der
Grünfeld-Indischen Verteidigung gelingt es dem Mach III, den üblichen Druck
gegen das weisse Zentrum aufzubauen. Der Almeria 16bit spielt etwas
nachlässig und verliert einen Bauer. Und nur mit Glück kann Weiss der
verdienten Niederlage entgehen. Dass unsere Oldies nicht in der Lage sind, das
nackte Endspiel Turm gegen Springer zu gewinnen, wird die Partie mit Remis
abgebrochen.} 2. Nc3 d5 3. cxd5 Nxd5 4. Nf3 g6 5. d4 Nxc3 6. bxc3 Bg7 7. e4 c5
8. Be2 O-O 9. O-O b6 10. Be3 Bb7 {***ENDE BUCH***} 11. Qd3 {***ENDE BUCH***}
Na6 {Eine ungewöhnliche Fortsetzung. Gebräuchlichere Alternativen sind 11...
cxd4 oder 11...e6 und 11...Sd7.} 12. Rab1 {Nimmt den Turm aus der Diagonale
h8-a1 und droht wegen der Gegenüberstellung zum schwarzen Lb7, mit dxc5 einen
Bauern zu gewinnen. Systemrelevanter sehen 12.d5 oder 12.Tad1 aus.} Rc8 13.
Rfd1 cxd4 14. cxd4 Nc7 {Der Springer auf a6 hat seine Schuldigkeit getan.} 15.
Rdc1 {Eine feine Ungenauigkeit. Dieser Turm, der das weisse Bauernzentrum
stützt, sollte auf d1 bleiben. Hingegen kann der nun nutzlos auf b1 stehende
Turm nach c1 gehen.} Qd7 {Schwarz will durch ...Tfd8 weiteren Druck gegen den
zentralen d4-Bauern ausüben.} 16. a3 {In ausgeglichener und beidseits völlig
entwickelter Stellung ein typischer "ich weiss nicht was tun Zug".} Rfd8 (16...
Ba6 17. Qd2 Bxe2 18. Qxe2 Rfd8 $11 {kam ebenfalls in Frage}) 17. Rb3 {Offenbar
in der Absicht, die Turmverdoppelung durch Tbc3 herzustellen.} Ne6 {Die
richtige Reaktion: Schwarz übt gewaltigen Druck gegen d4 aus und steht schon
leicht günstiger.} 18. Rxc8 $6 {Ein "Minustausch", der zugunsten von Schwarz
ausfällt. Weiss hätte seiner Idee Tbc3 treu bleiben sollen. Aber der Almeria
68000 vermag wohl nicht zu erkennen, dass der vermeintliche Bauernverlust auf
d4 keine negativen Folgen für ihn hat.} (18. Rbc3 Rxc3 19. Rxc3 Nxd4 {Das ist
kein Bauerngewinn, wie man auf den ersten Blick meinen könnte.} 20. Nxd4 Bxd4
21. Qxd4 Qxd4 22. Bxd4 Rxd4 23. f3 {Weiss findet Zeit, diesen Bauern zu decken
und droht nun, mit Tc7 auf die 7. Reihe einzudringen.} Rd7 {Stellt sich der
Drohung entgegen. Aber noch hat Weiss einen Köcher im Ärmel.} 24. Bb5 {
Zwingt den Turm, die 7. Reihe zu verlassen.} Rd8 25. Rc7 {Erobert den Bauern
zurück.} a6 26. Be2 Bc8 27. Rxe7 $11 {ausgeglichen. Solche Varianten
berechnen zu können, ist das A und O eines Schachspielers.}) 18... Qxc8 {
[#]WICHTIG: Nun gibt es viel zu berechnen. Wer sieht die schwarze Drohung? Man
beachte einmal die Gegenüberstellung von Td8 und Dd3. Hat das Schachhirn
schon richtig geschaltet? Hoffentlich, denn es droht die Gabel ...Sc5 mit
Angriff auf die Dame d3 und den Turm b3 mit wenigstens Gewinn der Qualität 
(Turm gegen Springer), weil ja dxc5 wegen ...Txd3 nicht möglich wäre. Wer
sich noch etwas mehr in die Stellung vertieft, wird bemerken, dass die Drohung
...Sc5 auch noch einen Angriff auf den e4-Bauer beinhaltet, der dann durch Lb7
und Sc5 doppelt angegriffen wäre. So hat Weiss keine Wahl und ist der
folgende Zug erzwungen, weil 19.Tc3 taktisch keine Lösung darstellt nach 19...
Db8!, s. Variante.} 19. d5 (19. Rc3 Qb8 $1 {Gewinnt durch die Drohung ...Sc5
gegen die gefesselte weisse Dame einen Bauer, was nicht mehr pariert werden
kann. So kommt 20.d5 wegen ...Lxc3 nicht in Frage, während ein Wegzug der
weissen Dame von der d-Linie den d4-Bauern einstellen würde, während die
Unterbrechung der schwarzen Diagonale des Lg7 durch 20.e5 ebenfalls taktisch
keine Rettung bringt.} 20. e5 (20. d5 Bxc3 $19) 20... Bxf3 $1 {Beseitigt den
Schutz von e5.} 21. Bxf3 Bxe5 $1 {Das ist wiederum möglich wegen der
gefesselten weissen Dame und nun wäre} 22. dxe5 (22. Rc4 {hilft ebenso wenig}
Bxd4 $1 23. Bxd4 Qd6 $1 {Immer wieder die Fesslung auf der d-Linie} 24. g3 Nxd4
$19 {zwei schwarze Mehrbauern}) 22... Rxd3 23. Rxd3 Qxe5 $19 {natürlich
chancenlos für Weiss.}) 19... f5 {Gewinnt einen Bauer, weshalb der Mach III
natürlich nicht auf die Idee 19...Sc5! kommt, die gar noch stärker wäre.} ({
Noch mit} 19... Nc5 $1 20. Bxc5 Qxc5 $17 {wäre Schwarz klar im Vorteil
geblieben.}) 20. Rb4 $6 ({Genauer ist} 20. Rb1 fxe4 21. Qxe4 Bxd5 22. Qa4 Nc5
$1 23. Qb4 Bf6 $15) 20... fxe4 21. Qxe4 Bxd5 $17 {Schwarz darf sich über den
Mehrbesitz eines Bauern freuen mit exzellenten Gewinnchancen.} 22. Qb1 Qc7 {
Da die Stärke der schwarzen Stellung vornehmlich am Damenflügel liegt und
Weiss lediglich dubiose Angriffschancen am Königsflügel hat, käme der
Damentausch doch Schwarz entgegen. Das war mit 22...Dc3, was den a3-Bauer
angreift, 23.a4 erzwingt und 23...Da1 möglich gewesen.} (22... Qc3 23. a4 Qa1
24. Qxa1 Bxa1 $17) 23. Rh4 Qd7 {Die offene d-Linie ist nicht wichtig, gibt es
doch da keine Einbruchspunkte. Deshalb verdienen 23...Tc8 oder 23...Dc3 bei
weitem den Vorzug.} 24. Qd3 Nc5 25. Qc2 Rc8 26. Bc4 e6 $6 {Erneut ungenau,
statt 26...Se6 mit deutlichem Vorteil.} 27. Ng5 Bxc4 28. Rxc4 Rd8 $15 {Der
schwarze Vorteil ist nur noch gering.[#]} 29. h3 $2 {WICHTIG: Diese
unsachgemässe Fortsetzung muss man als "nachlässig" bezeichnen. Zwar wird
dem König auf h2 ein Luftloch geöffnet, aber da dieses auf der Feldfarbe des
schwarzen Läufers liegt, ist dieses Loch wenig günstig. Und zudem müsste
der weisse König nach einem Schach auf der Grundlinie nach h2 ausweichen,
also weit weg vom Zentrum, was die Perspektiven im Endspiel verschlechtert.
Wenn schon ein Loch öffnen, dann wenigstens mit 29.g3, wonach ein nach g2
gezwungener König viel näher zum Zentrum zu stehen käme. In Frage kommt
aber auch 29.Kf1, um nach eventuellem Damentausch sofort nach e2 ins Zentrum
eilen zu können.} h6 30. Nf3 $6 {Hier stehen zwei günstigere Alternativen
zur Verfügung:} (30. Bxc5 bxc5 31. Nf3 $15 {und Schwarz hat auf c5 und e6
zwei schwache Bauern}) (30. Ne4 Qd1+ 31. Qxd1 Rxd1+ 32. Kh2 Nxe4 33. Rxe4 Kf7
$17) 30... Qd1+ 31. Qxd1 Rxd1+ 32. Kh2 Rd5 33. Kg3 Rd3 $2 {Schwarz nutzt seine
Ressourcen nicht optimal. Entweder 33...Kf7 Richtung Zentrum oder 33...Lf8
halten den Vorteil fest.} 34. Bxc5 bxc5 35. Rxc5 Rxa3 {[#] Dieses Endspiel ist
- falls überhaupt - schon nicht mehr einfach für Schwarz zu gewinnen.} 36.
Rc8+ $6 {Dafür kann sich der gegnerische König bedanken, der nun mit
Tempogewinn durch 36...Kf7 in Richtung Zentrum marschieren könnte.} Kh7 $2 {
Aber der Excel Mach III 68000 wählt den falschen Weg und stellt den König
abseits vom Kampfplatz.} 37. Rc7 a5 38. Re7 Rc3 39. Rxe6 {Es herrscht wieder
materielles Gleichgewicht und die Partie hat eindeutigen Remischarakter
angenommen.} a4 40. Kh2 $6 {Weshalb mit dem König zurück? Das ist
unverständlich und schwächer als den König nach f4 zu bringen.} a3 41. Ra6
g5 42. Kg1 $6 {Zurück mit dem König, ist erneut ein unglücklicher Entscheid.
Es ist nur zufällig, dass diese keine wirklich schlimmen Folgen nach sich
zieht. Besser natürlich 42.Kg3 usw.} (42. Kg3 $1 h5 43. Kh2 Bh6 ({aber ja
nicht} 43... g4 $4 44. Ng5+ Kg8 45. Ra8+ Bf8 46. Ne6 {und Weiss gewinnt}) 44.
Ra7+ Kg8 45. Ra8+ Kf7 46. Ra6 Kg7 $11) 42... Rc1+ 43. Kh2 Bb2 44. Kg3 Rc2 45.
Ra7+ Kg6 46. Ra6+ Kf7 47. Ne1 Re2 48. Nf3 {Noch einfacher ginger der Springer
nach d3.} Kg7 49. Ra7+ Kf8 50. Ra6 a2 51. Ra8+ Kg7 52. Ra7+ Kg8 53. Ra8+ Kh7
54. Rxa2 {Auch 54.Sxg5+ führt zum Remis.} (54. Nxg5+ hxg5 55. Kf3 Rxf2+ (55...
Rc2 56. Rxa2 $11) 56. Kxf2 a1=Q 57. Rxa1 Bxa1 58. Kf3 Kg6 59. Kg4 Bf6 60. g3
Be5 61. h4 $11) 54... Be5+ 55. Nxe5 Rxa2 {Gut erkannt oder per Zufall vom
Excel Mach III 68000 einfach richtig gespielt? Die Idee dahinter besteht darin,
dass Schwarz den Tausch all seiner Bauern nicht verhindern kann, ohne seinem
Gegner einen ausgleichenden Freibauer auf f2 zu verhindern.} 56. Nf3 Kg6 57. h4
Ra3 58. hxg5 hxg5 59. Kg4 Ra4+ 60. Kg3 Kf5 61. Nd2 Ra2 62. Nc4 Ke6 63. Ne3 Ke5
64. Kg4 Rxf2 65. Kxg5 Ke4 66. Nc4 Rxg2+ 67. Kf6 {***REMIS MATERIAL***} 1/2-1/2